Internet forensics. (Record no. 6360)

MARC details
000 -LEADER
fixed length control field 00554cam a22002052 4500
001 - CONTROL NUMBER
control field 0000003324
005 - DATE AND TIME OF LATEST TRANSACTION
control field 20151217151922.0
008 - FIXED-LENGTH DATA ELEMENTS--GENERAL INFORMATION
fixed length control field 070503s xx 000 0 eng d
020 ## - INTERNATIONAL STANDARD BOOK NUMBER
International Standard Book Number 8184040156 :
040 ## - CATALOGING SOURCE
Original cataloging agency KABU
Transcribing agency KABU
050 #0 - LIBRARY OF CONGRESS CALL NUMBER
Classification number HV8079
Item number .C65J66
100 1# - MAIN ENTRY--PERSONAL NAME
Personal name Jones, Robert.
-- 0000153145
245 10 - TITLE STATEMENT
Title Internet forensics.
260 ## - PUBLICATION, DISTRIBUTION, ETC. (IMPRINT)
Place of publication, distribution, etc. Mumbai :
Name of publisher, distributor, etc. SPD,
Date of publication, distribution, etc. 2006.
300 ## - PHYSICAL DESCRIPTION
Extent xii, 223 p.
650 #0 - SUBJECT ADDED ENTRY--TOPICAL TERM
Topical term or geographic name as entry element Computer crimes
General subdivision Investigation.
-- 0000153146
908 ## - PUT COMMAND PARAMETER (RLIN)
Put command parameter 070503
950 ## - LOCAL HOLDINGS (RLIN)
-- 1
Holdings
Withdrawn status Lost status Source of classification or shelving scheme Not for loan Home library Current library Date acquired Total Checkouts Full call number Barcode Date last seen Date last checked out Price effective from Koha item type
    Library of Congress Classification   Kabarak, Main Campus Kabarak, Main Campus 17/12/2015 8 HV8079 .C65J66 004751 26/10/2021 05/10/2021 17/12/2015 General Collection
Designed with assistance from East African Informatics Ltd